Score 0/24 Timer 04:00
0 Plays Today
Title Missing Word % Correct
Ocean's _____Eleven
91.8%
The Little Shop of _____Horrors
91.1%
_____ Family RobinsonSwiss
88.9%
The _____ MachineTime
80%
The ______ of Huckleberry FinnAdventures
78.8%
The _____ SevenMagnificent
75.6%
Let's Make _____Love
70.5%
La Dolce _____Vita
70.3%
_____ of UsherHouse
65.6%
Please Don't Eat the _____Daisies
61%
_____ GantryElmer
60.3%
Where the _____ AreBoys
50.5%
Title Missing Word % Correct
The Wackiest _____ in the ArmyShip
47.2%
_____ to AlaskaNorth
43.6%
_____ and LoversSons
42.7%
_____ the WindInherit
42.5%
Strangers When We _____Meet
42.3%
_____ 8BUtterfield
39.8%
Sink the _____!Bismarck
38%
G.I. _____Blues
37.1%
The Brides of _____Dracula
28.5%
Two _____Women
25.8%
_____ at CampobelloSunrise
16.9%
_____ RiverWild
13.4%

Today's Daily Dose

Missing Word
I Hardly Know Her!

Word Ladder
Sentence Ending

Quick Pick
Female Firsts

Get the Picture
Triathlon Sports

Remove Ads.
Support Sporcle.
Get the best of Sporcle when you Go Orange. This ad-free experience offers more features, more stats, and more fun while also helping to support Sporcle. Thank you for becoming a member.

You're not logged in!

Compare scores with friends on all Sporcle quizzes.
OR
Log In

Show Comments

Extras

Top Quizzes Today


Score Distribution

Your Account Isn't Verified!

In order to create a playlist on Sporcle, you need to verify the email address you used during registration. Go to your Sporcle Settings to finish the process.

Report this User

Report this user for behavior that violates our Community Guidelines.

Details: